000 00439nam a2200157Ia 4500
005 20250428131109.0
008 231217s9999 xx 000 0 und d
020 _a9780618305964
082 _a658.4092 DUR;1 R
100 _aDurbin, Andrew J.
245 0 _aLeadership : research findings, practice and skills
260 _c2004
_bHoughton Mifflin
_aNew York
300 _axxxvii, 538
650 _aLeadership,findings,
942 _cAA
999 _c182068
_d182068